<?xml version="1.0" encoding="UTF-8"?>
<record
    xmlns:xsi="http://www.w3.org/2001/XMLSchema-instance"
    xsi:schemaLocation="http://www.loc.gov/MARC21/slim http://www.loc.gov/standards/marcxml/schema/MARC21slim.xsd"
    xmlns="http://www.loc.gov/MARC21/slim">

  <leader>00911nam0a22002411  4500</leader>
  <controlfield tag="001">rc\1154177</controlfield>
  <controlfield tag="005">20250622201809.0</controlfield>
  <datafield tag="035" ind1=" " ind2=" ">
    <subfield code="a">(NLR Aleph) 006399308</subfield>
  </datafield>
  <datafield tag="090" ind1=" " ind2=" ">
    <subfield code="a">5228897</subfield>
    <subfield code="c">5228897</subfield>
  </datafield>
  <datafield tag="100" ind1=" " ind2=" ">
    <subfield code="a">20041129d1980    |||y0rusy50      ca</subfield>
  </datafield>
  <datafield tag="101" ind1="0" ind2=" ">
    <subfield code="a">rus</subfield>
  </datafield>
  <datafield tag="102" ind1=" " ind2=" ">
    <subfield code="a">RU</subfield>
  </datafield>
  <datafield tag="105" ind1=" " ind2=" ">
    <subfield code="a">a   |||||||||</subfield>
  </datafield>
  <datafield tag="200" ind1="1" ind2=" ">
    <subfield code="a">&#x41E;&#x445;&#x440;&#x430;&#x43D;&#x430; &#x442;&#x440;&#x443;&#x434;&#x430; &#x432; &#x43F;&#x440;&#x438;&#x431;&#x43E;&#x440;&#x43E;&#x441;&#x442;&#x440;&#x43E;&#x435;&#x43D;&#x438;&#x438;</subfield>
    <subfield code="e">[&#x423;&#x447;&#x435;&#x431;. &#x43F;&#x43E;&#x441;&#x43E;&#x431;&#x438;&#x435; &#x434;&#x43B;&#x44F; &#x43F;&#x440;&#x438;&#x431;&#x43E;&#x440;&#x43E;&#x441;&#x442;&#x440;&#x43E;&#x438;&#x442;. &#x438; &#x440;&#x430;&#x434;&#x438;&#x43E;&#x442;&#x435;&#x445;&#x43D;. &#x441;&#x43F;&#x435;&#x446;. &#x432;&#x443;&#x437;&#x43E;&#x432;]</subfield>
    <subfield code="f">&#x41A;.&#x41D;. &#x422;&#x43A;&#x430;&#x447;&#x443;&#x43A;, &#x410;.&#x412;. &#x421;&#x43B;&#x43E;&#x43D;&#x447;&#x435;&#x43D;&#x43A;&#x43E;, &#x410;.&#x413;. &#x421;&#x442;&#x435;&#x43F;&#x430;&#x43D;&#x43E;&#x432;, &#x420;.&#x412;. &#x421;&#x430;&#x431;&#x430;&#x440;&#x43D;&#x43E;</subfield>
  </datafield>
  <datafield tag="210" ind1=" " ind2=" ">
    <subfield code="a">&#x41A;&#x438;&#x435;&#x432;</subfield>
    <subfield code="c">&#x412;&#x438;&#x449;&#x430; &#x448;&#x43A;&#x43E;&#x43B;&#x430;</subfield>
    <subfield code="d">1980</subfield>
  </datafield>
  <datafield tag="215" ind1=" " ind2=" ">
    <subfield code="a">191 &#x441;.</subfield>
    <subfield code="c">&#x438;&#x43B;.</subfield>
    <subfield code="d">22</subfield>
  </datafield>
  <datafield tag="320" ind1=" " ind2=" ">
    <subfield code="a">&#x411;&#x438;&#x431;&#x43B;&#x438;&#x43E;&#x433;&#x440;.: &#x441;. 188 (20 &#x43D;&#x430;&#x437;&#x432;.)</subfield>
  </datafield>
  <datafield tag="701" ind1=" " ind2="1">
    <subfield code="a">&#x422;&#x43A;&#x430;&#x447;&#x443;&#x43A;</subfield>
    <subfield code="b">&#x41A;.&#x41D;.</subfield>
    <subfield code="g">&#x41A;&#x43E;&#x43D;&#x441;&#x442;&#x430;&#x43D;&#x442;&#x438;&#x43D; &#x41D;&#x438;&#x444;&#x43E;&#x43D;&#x442;&#x43E;&#x432;&#x438;&#x447;</subfield>
  </datafield>
  <datafield tag="801" ind1=" " ind2="0">
    <subfield code="a">RU</subfield>
    <subfield code="b">NLR</subfield>
    <subfield code="g">psbo</subfield>
  </datafield>
  <datafield tag="801" ind1=" " ind2="1">
    <subfield code="a">RU</subfield>
    <subfield code="b">ELAR</subfield>
    <subfield code="2">rusmarc</subfield>
  </datafield>
  <datafield tag="852" ind1=" " ind2=" ">
    <subfield code="a">NLR</subfield>
    <subfield code="j">81-5/2812</subfield>
  </datafield>
  <datafield tag="942" ind1=" " ind2=" ">
    <subfield code="c">BOOK</subfield>
  </datafield>
  <datafield tag="980" ind1=" " ind2=" ">
    <subfield code="a">NB</subfield>
  </datafield>
  <datafield tag="995" ind1=" " ind2=" ">
    <subfield code="5">2013-10-26</subfield>
    <subfield code="b">NLR01</subfield>
    <subfield code="c">NLR01</subfield>
    <subfield code="e">RF9</subfield>
    <subfield code="f">6399308-10</subfield>
    <subfield code="k">81-5/2812</subfield>
    <subfield code="o">0</subfield>
    <subfield code="r">BOOK</subfield>
    <subfield code="s">8152812_</subfield>
  </datafield>
</record>
